Statistics for Uruguay First Level Subdivisions

Click here to take the quiz!

General Stats

  • This quiz has been taken 14 times
  • The average score is 13 of 19

Answer Stats

Departamentos% Correct
Montevideo
100%
Florida
78%
Salto
78%
Treinta y Tres
78%
Flores
67%
Maldonado
67%
Canelones
67%
Paysandú
67%
Rivera
67%
Rocha
67%
Cerro Largo
67%
San José
67%
Durazno
56%
Colonia
56%
Lavalleja
56%
Río Negro
56%
Soriano
56%
Tacuarembó
56%
Artigas
56%

Score Distribution

Percentile by Number Answered

Percent of People with Each Score

Your Score History

You have not taken this quiz